01480nam a22002657a 4500003000900000005001700009008004100026040002800067041000800095082002600103100005700129240014500186245020500331250008200536260010300618300002600721490002700747546016800774655007700942700003401019700004601053700003401099700005401133830002701187IT-MiSPE20181115122217.0180927b ||||| |||| 00| 0 eng d aIT-MiSPEbitacIT-MISPE aita a838-MAN th bu (23193) aMann, ThomascPremio Nobel (1929)d1875-1955eautore aBuddenbrooks ; Tolstoj. Zur Jahrhundertfeier seiner Geburt ; Richard Wagner und der "Ring des Nibelungen" ; Goethe und die Demokratie /lger aI Buddenbrook ; Tolstoj. Per il centenario della nascita ; Richard Wagner e "L'anello del Nibelungo" ; Goethe e la Democrazia /cTraduzione di Ervino Pocar / Italo Alighiero Chiusano / Bruno Arzeni /  aEdizione speciale CDE spa - Milano su licenza della Arnoldo Mondadori Editore aMilano :bCollezione Premi Nobel (su licenza della Mondadori)c1985 [1952-53 ; 1958 ; 1953 ; 1958] axxxv, 798 p. ;c19 cm aCollezioni Premi Nobel aTraduzione di Ervino Pocar (I Buddenbrook) ; Italo Alighiero Chiusano (Tolstoj) ; Bruno Arzeni (Richard Wagner e "L'anello del Nibelungo" / Goethe e la Democrazia) aLingua e letteratura tedescaxVari altri autori: opere originali e studi aPocar, Ervinod1892-1981etr. aChiusano, Alighiero Italod1926-1995etr. aArzeni, Brunod1905-1954etr. aPaci, Enzod1911-1976eintroduzione (Thomas Mann) aCollezioni Premi Nobel